<?xml version='1.0' encoding='UTF-8'?>
  <record xmlns="http://www.loc.gov/MARC21/slim">
    <leader>00000cam a2200000 i 4500</leader>
    <controlfield tag="001">ocm66882510</controlfield>
    <controlfield tag="003">OCoLC</controlfield>
    <controlfield tag="005">20240816151333.8</controlfield>
    <controlfield tag="008">031214s1599    be            000 0 lat d</controlfield>
    <datafield tag="040" ind1=" " ind2=" ">
      <subfield code="a">NLGGC</subfield>
      <subfield code="b">dut</subfield>
      <subfield code="e">fobidrtb</subfield>
      <subfield code="c">NLGGC</subfield>
      <subfield code="d">QGJ</subfield>
      <subfield code="d">OCLCA</subfield>
      <subfield code="d">OCLCO</subfield>
      <subfield code="d">OCLCL</subfield>
      <subfield code="d">OCLCQ</subfield>
    </datafield>
    <datafield tag="026" ind1=" " ind2=" ">
      <subfield code="e">159908 - b1 A2 viru : b2 C5 s$om</subfield>
      <subfield code="2">stcnf</subfield>
    </datafield>
    <datafield tag="029" ind1="0" ind2=" ">
      <subfield code="a">NLGGC</subfield>
      <subfield code="b">258073802</subfield>
    </datafield>
    <datafield tag="035" ind1=" " ind2=" ">
      <subfield code="a">(OCoLC)66882510</subfield>
    </datafield>
    <datafield tag="100" ind1="1" ind2=" ">
      <subfield code="a">Cuyck, Hendrik van,</subfield>
      <subfield code="d">1546-1609.</subfield>
      <subfield code="1">https://id.oclc.org/worldcat/entity/E39PBJjXmdvT9k7cQyyhcVc9Dq</subfield>
    </datafield>
    <datafield tag="245" ind1="1" ind2="0">
      <subfield code="a">Henrici Cvickii Ruraemvndensis ecclesiæ episcopi Ad Mavritivm Comitem Nassavivm paraenetica epistola.</subfield>
    </datafield>
    <datafield tag="246" ind1="3" ind2=" ">
      <subfield code="a">Henrici Cuickii Ruraemundensis ecclesiae episcopi Ad Mauritium Comitem Nassavium paraenetica epistola</subfield>
    </datafield>
    <datafield tag="246" ind1="3" ind2=" ">
      <subfield code="a">Ad Mauritium Comitem Nassavium paraenetica epistola</subfield>
    </datafield>
    <datafield tag="260" ind1=" " ind2=" ">
      <subfield code="a">Lovanii :</subfield>
      <subfield code="b">Apvd Ioannem Masivm,</subfield>
      <subfield code="c">M. D. XCIX.</subfield>
    </datafield>
    <datafield tag="300" ind1=" " ind2=" ">
      <subfield code="a">48 p. ;</subfield>
      <subfield code="c">in-8.</subfield>
    </datafield>
    <datafield tag="336" ind1=" " ind2=" ">
      <subfield code="a">tekst</subfield>
      <subfield code="b">txt</subfield>
      <subfield code="2">rdacontent/dut</subfield>
    </datafield>
    <datafield tag="337" ind1=" " ind2=" ">
      <subfield code="a">zonder medium</subfield>
      <subfield code="b">n</subfield>
      <subfield code="2">rdamedia/dut</subfield>
    </datafield>
    <datafield tag="338" ind1=" " ind2=" ">
      <subfield code="a">band</subfield>
      <subfield code="b">nc</subfield>
      <subfield code="2">rdacarrier/dut</subfield>
    </datafield>
    <datafield tag="510" ind1="4" ind2=" ">
      <subfield code="a">Van Someren,</subfield>
      <subfield code="c">228</subfield>
    </datafield>
    <datafield tag="510" ind1="4" ind2=" ">
      <subfield code="a">Adams,</subfield>
      <subfield code="c">C 3139</subfield>
    </datafield>
    <datafield tag="510" ind1="4" ind2=" ">
      <subfield code="a">Index Aureliensis,</subfield>
      <subfield code="c">148952</subfield>
    </datafield>
    <datafield tag="510" ind1="4" ind2=" ">
      <subfield code="a">Belgica typographica,</subfield>
      <subfield code="c">779</subfield>
    </datafield>
    <datafield tag="600" ind1="0" ind2="4">
      <subfield code="a">Maurits,</subfield>
      <subfield code="c">prins van Oranje,</subfield>
      <subfield code="0">(NL-LeOCL)070108765</subfield>
    </datafield>
    <datafield tag="758" ind1=" " ind2=" ">
      <subfield code="a">Henrici Cvickii Rvraemvndensis Ecclesiæ Episcopi Ad Mavritivm Comitem Nassavivm Paraenetica Epistola (Text)</subfield>
      <subfield code="1">https://id.oclc.org/worldcat/entity/E39PCGdF4f6VDqppJ6FPd4QCV3</subfield>
      <subfield code="4">https://id.oclc.org/worldcat/ontology/hasWork</subfield>
    </datafield>
    <datafield tag="936" ind1=" " ind2=" ">
      <subfield code="a">BATCHLOAD</subfield>
    </datafield>
  </record>